Szczegóły MARC21

Konflikty organizacyjne : ujęcie mikrospołeczne /

003 -Nazwa inst., której nr kontr. jest w polu 001 [,]
    • @
    • Nazwa instytucji, której n kontrolny jest w polu 001
    • NUKAT
005 -DATA I CZAS OSTATNIEJ MODYFIKACJI [,]
    • @
    • pole kontrolne
    • 20241231090234.0
020 -Międzynarod. znormalizowany nr książki - ISBN [ , ]
    • a
    • Numer ISBN
    • 8301097892 Find
040 -Instytucja sporządzająca opis [ , ]
    • a
    • Instytucja, która sporządziła opis (NP)
    • LUBL M/mm
    • c
    • Instytucja, która sporządziła rekord (NP)
    • LUBL M/mm
    • d
    • Instytucja, która zmodyfikowała rekord (P)
    • LUBL M/JD
    • d
    • Instytucja, która zmodyfikowała rekord (P)
    • Ł U/MSs
942 -Rodzaj dokumentu [ , ]
    • c
    • Rodzaj dokumentu
    • Książka
100 -Hasło główne - nazwa osobowa [1, ]
    • a
    • Nazwa osobowa (NP)
    • Rummel-Syska, Zofia.
    • 9
    • KHW
    • 31768
245 -Strefa tytułu i oznaczenia odpowiedzialności [1,0]
    • a
    • Tytuł
    • Konflikty organizacyjne : Find
    • b
    • Ciąg dalszy tytułu (NP)
    • ujęcie mikrospołeczne / Find
    • c
    • Pozostałe elementy strefy tytułu i oznaczenia odpowiedzialności (NP)
    • Zofia Rummel-Syska.
260 -Strefa adresu wydawniczego [ , ]
    • a
    • Miejsce wydania (P)
    • Warszawa :
    • b
    • Nazwa wydawcy (P)
    • Państwowe Wydawnictwo Naukowe,
    • c
    • Data wydania (P)
    • 1990.
300 -Strefa opisu fizycznego [ , ]
    • a
    • Określenie formy książki i/lub objętość (NP)
    • 251, [4] s. ;
    • c
    • Format (NP)
    • 21 cm.
336 -Typ zawartości [ , ]
    • a
    • Termin opisujący typ zawartości
    • Tekst
    • b
    • Kod określający zawartość
    • txt
    • 2
    • Źródło (terminu i kodu)
    • rdacontent
337 -Typ mediów [ , ]
    • a
    • Tryb odtwarzania
    • Bez urządzenia pośredniczącego
    • b
    • Kod typu mediów
    • n
    • 2
    • Źródło (terminu i kodu)
    • rdamedia
338 -Typ/rodzaj nośnika [ , ]
    • a
    • Hasło opisujące typ nośnika
    • Wolumin
    • b
    • Kod typu nośnika
    • nc
    • 2
    • Źródło (terminu i kodu)
    • rdacarrier
504 -Uwaga dot. bibliogr. załącznikowej [ , ]
    • a
    • Uwaga dot. bibliografii załącznikowej
    • Bibliogr. s. 235-248.
080 -Uniwersalna Klasyfikacja Dziesiętna [ , ]
    • 2
    • Identyfikator wydania tablic
    • UDC-P058
    • 9
    • UKD
    • 2821
    • a
    • Symbol klasyfikacji
    • 316.48
    • b
    • Dopowiedzenie
    • Konflikt społeczny. Socjologia konfliktu. Konflikt klasowy. Konflikt rasowy. Konflikt ról. Protest. Terror. Sposoby regulowania konfliktu. Rozwiązywanie konfliktu.
080 -Uniwersalna Klasyfikacja Dziesiętna [ , ]
    • 2
    • Identyfikator wydania tablic
    • UDC-P058
    • 9
    • UKD
    • 2170
    • a
    • Symbol klasyfikacji
    • 005.32
    • b
    • Dopowiedzenie
    • Zarządzanie. Psychologia zarządzania. Zachowania organizacyjne.
650 -Hasło przedmiotowe [ ,7]
    • a
    • Hasło przedmiotowe
    • Konflikty społeczne.
    • 2
    • Źródło terminu
    • kaba
    • 9
    • KHW
    • 115007
650 -Hasło przedmiotowe [ ,7]
    • a
    • Hasło przedmiotowe
    • Rozwiązywanie konfliktów.
    • 2
    • Źródło terminu
    • kaba
    • 9
    • KHW
    • 128365
650 -Hasło przedmiotowe [ ,7]
    • a
    • Hasło przedmiotowe
    • Zarządzanie
    • x
    • Określnik rzeczowy
    • aspekt psychologiczny.
    • 2
    • Źródło terminu
    • kaba
    • 9
    • KHW
    • 365029
980 -Symbol UKD [ , ]
    • a
    • UKD
    • 316.48:005.32
710 -Hasło dodatkowe - nazwa ciała zbiorowego [2, ]
    • a
    • Nazwa ciała zbiorowego lub nazwa geograficzna jako pierwszy element (NP)
    • Państwowe Wydawnictwo Naukowe (1951-1992).
    • 4
    • Kod relacji
    • pbl
    • 9
    • KHW
    • 52048
920 -ISBN [ , ]
    • a
    • ISBN
    • 83-01-09789-2 Find
Sygnatura Numer inwentarzowy Status udost. Uwagi nie widoczne w OPAC Lokalizacja Data inwentaryzacji
S.71887S.718872retrokonwersjaBE
S.71887S.718882retrokonwersjaBE
S.71887S.718892retrokonwersjaBE
S.71887S.718912retrokonwersjaBE
E.60010E.60010-2retrokonwersjaBE
Z.80303Z.803032retrokonwersjaBG
W.173375W.173375-3retrokonwersjaBG
W.173375W.173376-3retrokonwersjaBG
W.173375W.173377-3retrokonwersjaBG
F.22600F.226001retrokonwersjaBNS
SA.4457SA.44571retrokonwersjaBSA 
S.71887TS.718902retrokonwersjaT